000 00265nam a22001097a 4500
008 170126b xxu||||| |||| 00| 0 eng d
020 _a9780071438322
041 _aeng
080 _23RD
_a61
245 _aCURRENT ESSENTIALS OF MEDICINE
_cTIERNEY, L.M
942 _2udc
_cBK
999 _c3705
_d3705